000 00810cam a2200265u 4500
001 23851
003 BD-RjUL
005 20211209000959.0
008 140311q 1967nyuac 001 0beng
035 _a(BD-RjUL)23916
040 _aDLC
_cCarP
_dDLC
_beng
041 _aeng
082 _a925.1
_bBEJ
100 1 _aBeattie, Lester M.
_q(Lester Middleswarth)
_973331
245 0 0 _aJohn Arbuthnot :
_bmathematician and satirist /
_c Lester M. ,Beattie
_nVolume XVI
260 _aNew York :
_bRussell & Russell,
_cc1967.
300 _axvi, 432 p. :
_billus. port. ;
_c22 cm.
504 _aIncludes index.
600 1 0 _aArbuthnot, John,
_d1667-1735.
_973473
830 0 _vv. 16.
_973474
830 0 _aHarvard studies in English.
_973475
942 _2ddc
_cBK
999 _c23851
_d23851